00822 a2200169 45000010006000000050017000060080041000230030015000640400040000790800064001192450103001832640036002863000019003225050268003411000017006097000026006263208320260407155621.0260407a1956 arg spa dAR-UNSa-BCEJYS aAR-UNSa-BCEJYSbspacAR-UNSa-BCEJYS a658xAdministración de empresas. Organización comercial10aAdministración industrial y generalpprevisión, organización, mando, coordinación, control 1aBuenos Aires :bEl Ateneoc1956 a246 p.c23 cm. a1. Definición dela administración - 2. Importancia relativa de las diversas capacidades que forman el valor del personal de las empresas - 3. Principios y elementos de adminstración - 4. Elementos de administración - 5. Desarrollo de la doctrina de fayol.1 aFayol, Henri1 aDimitriu, Constantino